00687nam a2200205Ia 4500003000400000008004100004040001600045082001900061100002200080245005800102260003900160650001300199650002100212650001300233650001000246942001200256999001700268952009800285952009800383GCL140319s9999    xx            000 0 eng d  aGCL / cGCL04aCHb784.6bP M1 aPETER HADDOCH LTD10aMY FIRST BOOK OF NURSERY RHYMES / cPETER HADDOCH LTD  a[S.N] : bPETER HODDOCK PUBLISHING04aCHILDREN04aENGLISH LANGUAGE04aFOLKLORE04aTALES  2ddccBK  c17744d17744  00104070aCAIbCAId2014-03-26l0oCH\784.6\P Mp31999r2014-03-26 00:00:00w2014-03-26yBK  00104070aCAIbCAId2014-03-26l0oCH\784.6\P Mp32000r2014-03-26 00:00:00w2014-03-26yBK